Ivan Ilich: la combativa inocencia y la lucidez de un hombre inquieto /

Ivan Ilich es una figura polémica en el mundo de la pedagogía por su propuesta de "descolarizar" la sociedad. Sus ideas siguen teniendo mucha vigencia para enfrentar las relaciones autoritarias en la sociedad y la mercantilización de la educación

שמור ב:
מידע ביבליוגרפי
מחבר ראשי: Santos Gómez, Marcos
פורמט: Texto
נושאים:
תגים: הוספת תג
אין תגיות, היה/י הראשונ/ה לתייג את הרשומה!

MARC

LEADER 00000 a a2200000 04500
001 13302
003
040
100 |a Santos Gómez, Marcos  
245 |a Ivan Ilich:   |b la combativa inocencia y la lucidez de un hombre inquieto /  |c Marcos Santos Gómez 
520 |a Ivan Ilich es una figura polémica en el mundo de la pedagogía por su propuesta de "descolarizar" la sociedad. Sus ideas siguen teniendo mucha vigencia para enfrentar las relaciones autoritarias en la sociedad y la mercantilización de la educación  
650 |a EDUCACION  
650 |a PEDAGOGIA  
650 |a IDEOLOGIAS  
650 |a AUTORITARISMO  
773 |g número 117; páginas 479-498  
999 |c 26609  |d 26609